000 00688nam a2200181 a 4500
001 000371963
003 AM-YeHGA
005 20250617131920.0
008 041021s1889 gs r 000 0 arm d
040 _aAM-YeHGA
041 1 _aarm
_hfre
245 1 0 _aՍիրտ :
_bԱշակերտի յիշատակարանը /
_cԷդ. դէ Ամիչիս; Թարգմ. ֆրանս.՝ Փ. Վարդանեան.
260 _aԹիֆլիս :
_bտպ. Յովհաննէս Մարտիրոսեանցի,
_c1889.
300 _a336 էջ ;
_c18 սմ.
650 1 4 _aԻտալական մանկական գրականություն
_xՎեպ
700 1 _aՎարդանեան, Փիլիպպոս
_eթարգմ.
_4trl
090 _c143520
999 _c142140
_d142140